Central Library OPAC University of Rajshahi

Climatic and weather exercises / (Record no. 11437)

MARC details
000 -LEADER
fixed length control field 00765nam a22002537a 4500
001 - CONTROL NUMBER
control field 11437
003 - CONTROL NUMBER IDENTIFIER
rucl marc code BD-RjUL
005 - DATE AND TIME OF LATEST TRANSACTION
control field 20211208235126.0
008 - FIXED-LENGTH DATA ELEMENTS--GENERAL INFORMATION
fixed length control field 140126s1949 enka|||| b||| 00| 0 eng d
035 ## - SYSTEM CONTROL NUMBER
System control number (BD-RjUL)11486
040 ## - CATALOGING SOURCE
Original cataloging agency BD-RjUL
Language of cataloging eng
Transcribing agency BD-RjUL
041 ## - LANGUAGE CODE
Language code of text/sound track or separate title eng
082 04 - DEWEY DECIMAL CLASSIFICATION NUMBER
Edition number 19
Classification number 551.5
Author mark and year BAC 1949
100 1# - MAIN ENTRY--PERSONAL NAME
Personal name Balchin, W G V.
9 (RLIN) 35352
245 10 - TITLE STATEMENT
Title Climatic and weather exercises /
Statement of responsibility, etc. by W G V Balchin; A W Richards
260 ## - PUBLICATION, DISTRIBUTION, ETC. (IMPRINT)
Place of publication, distribution, etc. London :
Name of publisher, distributor, etc. G.G. Harrap & Co.,
Date of publication, distribution, etc. 1949.
300 ## - PHYSICAL DESCRIPTION
Pagination 79 p. :
Illustrations ill.,
Size 25 cm.
504 ## - BIBLIOGRAPHY, ETC. NOTE
Bibliography, etc Includes bibliography.
650 #0 - SUBJECT ADDED ENTRY--TOPICAL TERM
Topical term or geographic name as entry element Meteorology
General subdivision Study and teaching.
9 (RLIN) 35353
Topical term or geographic name as entry element Meteorology
General subdivision Observers' manuals.
9 (RLIN) 35354
Topical term or geographic name as entry element Meteorology.
9 (RLIN) 35355
700 1# - ADDED ENTRY--PERSONAL NAME
Personal name Richards, A W.
942 ## - ADDED ENTRY ELEMENTS (KOHA)
Source of classification or shelving scheme Dewey Decimal Classification
Koha item type Books
Holdings
Lost status Source of classification or shelving scheme Damaged status Not for loan Collection code Permanent Location Current Location Shelving location Date acquired Source of acquisition Cost, normal purchase price Total Checkouts Full call number Date last seen Copy number Koha item type
  Dewey Decimal Classification   Not For Loan Non-fiction Central Library, University of Rajshahi Central Library, University of Rajshahi Reading Room 08/06/1955 Allies Book Corporation. 3.60   551.5 BAC 1949 26/01/2014 C-1 Books